000 00955cab a2200253 4500
001 ABS46401
008 090401t1992 xxu||||| |||| 00| 0 eng d
035 _a(Sirsi) u58062
041 _aeng
245 _aHome income plans
260 _c1992
350 _a0
490 _aMoney Management
_vJune 1992, 34-41(7)
520 _aA Special Report evaluating the range of home income plans available, in the light of several spectacular failures recently. It starts with an explanation of the schemes` mechanism and defines four types. Case studies illustate a debate on their place in the market.
650 _aEQUITY RELEASE MORTGAGE SCHEMES
650 _aHOME INCOMES SCHEMES
650 _aHOME REVERSION SCHEMES
650 _aHOUSING AND COMMUNITY CHARGE BENEFIT
650 _aINVESTMENT BOND SCHEMES
650 _aINVESTORS COMPENSATION SCHEME
690 _aPROPERTY-PROPERTY FINANCE AND INVESTMENT
942 _n0
948 _c04/03/1997
999 _c35420
_d35420